| 000 | 01088nam0a22002891 4500 | ||
|---|---|---|---|
| 001 | rc\439764 | ||
| 005 | 20250621084741.0 | ||
| 010 |
_a5-7966-0033-8 _91000 |
||
| 035 | _a(NLR Aleph) 005686020 | ||
| 090 |
_a7125025 _c7125025 |
||
| 100 | _a20030616d1988 |||y0rusy50 ca | ||
| 101 | 0 | _arus | |
| 102 | _aRU | ||
| 105 | _ay ||||||||| | ||
| 200 | 1 |
_aМолекулярная структура кремнийорганических соединений _fЭ.Я. Лукевиц, О.А. Пудова, Р.Я. Стуркович _gАН ЛатвССР, Ин-т орган. синтеза |
|
| 210 |
_aРига _cЗинатне _d1988 |
||
| 215 |
_a295 с. _d25 |
||
| 320 | _aБиблиогр.: с. 207-286 | ||
| 320 | _aУказ. соединений: с. 287-295 | ||
| 700 | 1 |
_aЛукевиц _bЭ.Я. _f1936- _gЭдмунд Янович |
|
| 701 | 1 |
_aПудова _bО.А. _gОльга Андреевна |
|
| 701 | 1 |
_aСтуркович _bР.Я. _gРаиса Яковлевна |
|
| 801 | 0 |
_aRU _bNLR _gpsbo |
|
| 801 | 1 |
_aRU _bELAR _2rusmarc |
|
| 852 |
_aNLR _j88-7/887 |
||
| 942 | _cBOOK | ||
| 980 | _aNB | ||